000 00659nam a22001937a 4500
005 20251108172015.0
008 250721s1987 xx 000 0 ara d
082 1 4 _a358.4095694/شيف
100 1 _aشيف، زئيف
245 1 0 _aسلاح الجو الإسرائيلي /
264 1 _aعمان :
_bدار الجليل للنشر و الدراسات و الأبحاث الفلسطينية،
_c1987.
300 _a270ص
490 0 _aالموسوعة العسكرية الإسرائيلية ؛ 1
650 1 7 _aإسرائيل
650 1 7 _aالقوات الجوية
710 2 _aدار الجليل
_eترجمة
942 _2ddc
_cBK
999 _c68129
_d68129